[Event "46th Guernsey Open"]
[Site "?"]
[Date "2022.10.21"]
[Round "6"]
[White "Deepak, Ambattu Rithvik"]
[Black "Collier, David O"]
[Result "1-0"]
[WhiteElo "1523"]
[BlackElo "2004"]
[PlyCount "127"]
[EventDate "2022.??.??"]

1. e4 c5 2. Nc3 d6 3. d4 cxd4 4. Qxd4 Nf6 5. b3 g6 6. Bb2 Bg7 7. O-O-O O-O 8.
Qd2 Nbd7 9. f3 a6 10. g4 h5 11. g5 Ne8 12. f4 b5 13. Bh3 Bb7 14. Nf3 Nc5 15.
Rhe1 b4 16. Nd5 Bxb2+ 17. Kxb2 e6 18. Nxb4 a5 19. Nd3 Nxe4 20. Qe3 a4 21. Qd4
Qa5 22. b4 Qd5 23. Qxd5 exd5 24. a3 Nc7 25. Nd4 f5 26. Re2 Ba6 27. Re3 Kf7 28.
Bf1 Rfc8 29. Nc1 Bc4 30. Nce2 Nf2 31. Rc1 Ng4 32. Rh3 Re8 33. Nc3 Ne3 34. Bd3
Ng4 35. Ndb5 Nxb5 36. Nxb5 Rad8 37. Nc3 Ra8 38. Bxc4 dxc4 39. Nd5 Re4 40. Rb1
Ra7 41. Nc3 Re6 42. Rg1 Nf2 43. Rf3 Ne4 44. Nb5 Rb7 45. Nd4 Re8 46. c3 Nd2 47.
Rf2 Nb3 48. Rd1 Rbe7 49. Nxb3 cxb3 50. Rxd6 Re2+ 51. Rd2 Rxd2+ 52. Rxd2 Re4 53.
b5 Rxf4 54. b6 Re4 55. c4 f4 56. b7 Re8 57. c5 f3 58. c6 Re2 59. Kc3 f2 60.
b8=Q f1=Q 61. Rd7+ Re7 62. Rxe7+ Kxe7 63. Qe5+ Kd8 64. Qf6+ 1-0

[Event "46th Guernsey Open"]
[Site "?"]
[Date "2022.10.21"]
[Round "6"]
[White "Van Dijk, Bram"]
[Black "Jongerius, Marc"]
[Result "1-0"]
[WhiteElo "1950"]
[BlackElo "1669"]
[PlyCount "75"]
[EventDate "2022.??.??"]

1. Nf3 Nf6 2. g3 b6 3. Bg2 Bb7 4. O-O e6 5. c4 d5 6. d4 Be7 7. Ne5 O-O 8. Nc3
Nbd7 9. Qa4 Nxe5 10. dxe5 Ne4 11. cxd5 Nxc3 12. bxc3 exd5 13. c4 a5 14. cxd5
Qe8 15. Qc2 Bc5 16. Bb2 Rd8 17. Rfd1 Ba6 18. e3 Bb5 19. a4 Bd7 20. Be4 Bg4 21.
Rd2 f5 22. exf6 gxf6 23. Bxh7+ Kg7 24. Be4 Qh5 25. h4 Kh6 26. Bg2 Bd6 27. Ba3
Qe5 28. Qb2 Qxb2 29. Rxb2 Rfe8 30. Bxd6 Rxd6 31. Rc2 Re7 32. Rac1 Rdd7 33. e4
Bh5 34. Bh3 Rd6 35. Rxc7 Rxc7 36. Rxc7 Bg6 37. Rc6 Rd8 38. f3 1-0

[Event "46th Guernsey Open"]
[Site "?"]
[Date "2022.10.21"]
[Round "6"]
[White "Owen, Garth I"]
[Black "Page, Mark E"]
[Result "0-1"]
[WhiteElo "1740"]
[BlackElo "2095"]
[PlyCount "58"]
[EventDate "2022.??.??"]

1. c4 e5 2. g3 g6 3. Bg2 Bg7 4. Nc3 Nf6 5. e4 d6 6. d3 O-O 7. Nge2 a5 8. O-O c6
9. h3 Nh5 10. Be3 Na6 11. Kh2 f5 12. f4 Be6 13. Rc1 Qe7 14. b3 exf4 15. Nxf4
Nxf4 16. Bxf4 g5 17. Be3 Nc5 18. Qd2 h6 19. Rce1 fxe4 20. Nxe4 Rxf1 21. Rxf1
Nxe4 22. Bxe4 a4 23. Qb4 axb3 24. axb3 Qd7 25. Bg2 Bf5 26. Qd2 Re8 27. d4 d5
28. cxd5 cxd5 29. Bf2 Be4 0-1

[Event "46th Guernsey Open"]
[Site "?"]
[Date "2022.10.21"]
[Round "6"]
[White "Brookfield, Toby"]
[Black "Smith, Andrew Philip"]
[Result "0-1"]
[WhiteElo "1816"]
[BlackElo "2087"]
[PlyCount "32"]
[EventDate "2022.??.??"]

1. f4 e5 2. e4 d5 3. exd5 exf4 4. Nf3 c6 5. d4 Bd6 6. Nc3 Ne7 7. Bd3 O-O 8.
dxc6 Nbxc6 9. O-O Ng6 10. Ne4 Bc7 11. c3 Bg4 12. Qc2 Rc8 13. h3 Bh5 14. Bd2 Bb8
15. a3 Bxf3 16. Rxf3 Nxd4 0-1

[Event "46th Guernsey Open"]
[Site "?"]
[Date "2022.10.21"]
[Round "6"]
[White "Hall, Alan"]
[Black "Fegan, Chris"]
[Result "0-1"]
[WhiteElo "1723"]
[BlackElo "2013"]
[PlyCount "98"]
[EventDate "2022.??.??"]

1. d4 d5 2. Nf3 Nc6 3. e3 Bg4 4. Be2 e6 5. c4 Nf6 6. Nc3 Bb4 7. Bd2 O-O 8. O-O
dxc4 9. Bxc4 e5 10. dxe5 Nxe5 11. Be2 Nxf3+ 12. Bxf3 Bxf3 13. gxf3 Qd3 14. Ne4
Be7 15. Bc3 Qa6 16. Ng3 Rad8 17. Qe2 Qxe2 18. Nxe2 Nd5 19. Be5 Bd6 20. Bg3 Nb6
21. Rfd1 Bxg3 22. hxg3 g6 23. Nc3 Nc4 24. Rxd8 Rxd8 25. Rd1 Rxd1+ 26. Nxd1 Kg7
27. Kf1 Kf6 28. Ke2 Ke6 29. b3 Nd6 30. Nc3 b5 31. b4 a6 32. Kd3 h5 33. f4 f6
34. Ne2 Nb7 35. Nd4+ Kd6 36. Nf3 c5 37. a3 c4+ 38. Kd4 Nd8 39. e4 Ne6+ 40. Kc3
g5 41. fxg5 fxg5 42. Kc2 g4 43. Nd2 Nd4+ 44. Kc3 Ne2+ 45. Kc2 Ke5 46. Kd1 Nc3+
47. Kc2 Nxe4 48. f4+ gxf3 49. Nxf3+ Kd5 0-1

[Event "46th Guernsey Open"]
[Site "?"]
[Date "2022.10.21"]
[Round "6"]
[White "Kirby, Peter J"]
[Black "Downey, Keith"]
[Result "1/2-1/2"]
[WhiteElo "2011"]
[BlackElo "1808"]
[PlyCount "134"]
[EventDate "2022.??.??"]

1. Nf3 Nf6 2. c4 e6 3. Nc3 d5 4. d4 Be7 5. g3 O-O 6. Bg2 dxc4 7. Ne5 Nc6 8.
Bxc6 bxc6 9. Nxc6 Qe8 10. Nxe7+ Qxe7 11. Qa4 Bb7 12. O-O c5 13. Qxc4 cxd4 14.
Qxd4 Rfd8 15. Qh4 h6 16. Be3 a5 17. a3 Qd6 18. Rfd1 Qc6 19. f3 Nd5 20. Nxd5
Rxd5 21. Rxd5 Qxd5 22. Qd4 Qb5 23. Kf2 Ba6 24. Qd2 Rc8 25. b4 a4 26. Bc5 Kh7
27. Rd1 Rxc5 28. bxc5 Qxc5+ 29. Qe3 Qh5 30. Kg2 Qa5 31. Kf2 Bb7 32. Rc1 Qh5 33.
Kg2 Qa5 34. Qc5 Qa6 35. Qc4 Qa7 36. Qc5 Qa6 37. Kf2 Bd5 38. Rb1 Bb3 39. Rc1 Qa8
40. Rc3 Bd5 41. Qb6 e5 42. e4 Be6 43. Rc5 Qf8 44. g4 Qe7 45. Rc3 Qh4+ 46. Kg2
Qe1 47. Qe3 Qb1 48. Qc1 Qb5 49. Qd2 Bc4 50. Qc2 Bb3 51. Qd3 Qb6 52. h4 Be6 53.
h5 Qb2+ 54. Qc2 Qb6 55. Rc5 Bb3 56. Qc1 Qd6 57. Rc3 Qd4 58. Kg3 Qd6 59. g5 hxg5
60. Qxg5 Be6 61. Qe3 Qd1 62. Rc1 Qd8 63. Rc2 Qe7 64. Rc3 Qd8 65. Rc5 Qd6 66.
Qc3 Qd1 67. Qc1 Qd6 1/2-1/2

[Event "46th Guernsey Open"]
[Site "?"]
[Date "2022.10.21"]
[Round "6"]
[White "Heppell, Ian N"]
[Black "Turner, David J"]
[Result "1-0"]
[WhiteElo "1999"]
[BlackElo "1754"]
[PlyCount "49"]
[EventDate "2022.??.??"]

1. e4 d6 2. d4 Nf6 3. Bd3 g6 4. Nf3 Bg7 5. O-O O-O 6. Re1 c6 7. Nbd2 Qc7 8. c3
Rd8 9. Qe2 a6 10. a4 Bg4 11. h3 Bxf3 12. Nxf3 e5 13. a5 Nbd7 14. Be3 Re8 15.
dxe5 Nxe5 16. Nxe5 dxe5 17. Bc4 Qe7 18. Qf3 Nd7 19. Rad1 Rf8 20. Rd2 Nc5 21.
Red1 Rae8 22. b4 Ne6 23. Rd7 Qf6 24. Qxf6 Bxf6 25. Rxb7 1-0

[Event "46th Guernsey Open"]
[Site "?"]
[Date "2022.10.21"]
[Round "6"]
[White "Robinson, John K"]
[Black "Rutten, David"]
[Result "0-1"]
[WhiteElo "1967"]
[BlackElo "1750"]
[PlyCount "88"]
[EventDate "2022.??.??"]

1. d4 d5 2. Nf3 Nf6 3. Bf4 c5 4. e3 Nc6 5. c3 Qb6 6. Qc1 Bf5 7. Nbd2 e6 8. dxc5
Bxc5 9. Nb3 Be7 10. Nbd4 Be4 11. h3 O-O 12. Be2 Nxd4 13. exd4 Rac8 14. O-O Qa5
15. Nd2 Bg6 16. Nb3 Qa4 17. Bg5 b5 18. Bxf6 gxf6 19. Qe3 b4 20. cxb4 Qxb4 21.
Bd3 a5 22. Bxg6 hxg6 23. Nd2 Qxb2 24. Rfb1 Qc3 25. a4 Bb4 26. Ra2 Qxe3 27. fxe3
Rc3 28. Nf1 Rfc8 29. Rd1 Kf8 30. Rb1 Ke7 31. Rd1 Kd6 32. Rb1 R8c4 33. Rd1 Rc1
34. Rxc1 Rxc1 35. Rf2 f5 36. Ra2 f6 37. Kf2 e5 38. g4 fxg4 39. dxe5+ fxe5 40.
hxg4 d4 41. exd4 exd4 42. Ng3 Kd5 43. Ne2 Rc8 44. Nf4+ Ke4 0-1

[Event "46th Guernsey Open"]
[Site "?"]
[Date "2022.10.21"]
[Round "6"]
[White "De Dreu, Dies"]
[Black "Plug, Arjan"]
[Result "1-0"]
[WhiteElo "1924"]
[BlackElo "1795"]
[PlyCount "47"]
[EventDate "2022.??.??"]

1. d4 Nf6 2. Nf3 e6 3. Bg5 d5 4. Nbd2 Be7 5. e3 c5 6. c3 Nc6 7. Bd3 b6 8. O-O
O-O 9. Qe2 Nd7 10. Bf4 f5 11. h3 c4 12. Bc2 b5 13. a4 b4 14. Nxc4 Ba6 15. Bd3
dxc4 16. Bxc4 Bxc4 17. Qxc4 Rc8 18. Qxe6+ Kh8 19. a5 Rf6 20. Qa2 h6 21. d5 b3
22. Qxb3 Nxa5 23. Qc2 Qb6 24. Qa4 1-0

[Event "46th Guernsey Open"]
[Site "?"]
[Date "2022.10.21"]
[Round "6"]
[White "Dijksterhuis, Rolf"]
[Black "Morgan, Jamie"]
[Result "0-1"]
[WhiteElo "1911"]
[BlackElo "1741"]
[PlyCount "86"]
[EventDate "2022.??.??"]

1. e4 c5 2. Nf3 g6 3. d4 cxd4 4. Nxd4 Nc6 5. Nc3 Bg7 6. Be3 Nf6 7. Bc4 O-O 8.
Bb3 d6 9. f3 Nxd4 10. Bxd4 Bd7 11. Qd2 b5 12. Nd5 e6 13. Nxf6+ Bxf6 14. Bxf6
Qxf6 15. O-O-O Rfd8 16. Qxd6 Be8 17. Qc5 Qf4+ 18. Kb1 Rxd1+ 19. Rxd1 Qxh2 20.
Qg5 h6 21. Qe3 h5 22. Qg5 h4 23. c3 a5 24. f4 a4 25. Bc2 Bc6 26. a3 Qg3 27.
Qxg3 hxg3 28. Rd6 Rc8 29. Kc1 Kf8 30. Kd2 Ke7 31. Rd4 g5 32. Ke3 gxf4+ 33. Kxf4
Rg8 34. Rd3 f5 35. exf5 Bxg2 36. fxe6 Bf3 37. Kxf3 g2 38. Rd1 g1=Q 39. Rxg1
Rxg1 40. c4 Rc1 41. Bd3 bxc4 42. Be4 c3 43. bxc3 Rxc3+ 0-1

[Event "46th Guernsey Open"]
[Site "?"]
[Date "2022.10.21"]
[Round "6"]
[White "Goris Schouwstra, Adry"]
[Black "Goris, Ton"]
[Result "0-1"]
[WhiteElo "1695"]
[BlackElo "1897"]
[PlyCount "82"]
[EventDate "2022.??.??"]

1. d4 e6 2. c4 b6 3. Nc3 Bb7 4. e4 Bb4 5. Bd3 Nf6 6. Qe2 d6 7. Nf3 c5 8. O-O
cxd4 9. Nxd4 Bxc3 10. bxc3 Nbd7 11. Ba3 Nc5 12. Bxc5 dxc5 13. Nb5 a6 14. Na3 e5
15. Nc2 O-O 16. Ne3 Nxe4 17. Qc2 Nf6 18. Bf5 g6 19. Bh3 Qc7 20. Rad1 Rad8 21.
Qb3 Rxd1 22. Rxd1 Rd8 23. Rb1 Rd6 24. f3 e4 25. fxe4 Bxe4 26. Re1 Bb7 27. a4
Qd8 28. a5 Ba8 29. axb6 Qxb6 30. Qa2 Kg7 31. Rb1 Qd8 32. Re1 Ne4 33. Nd5 Bxd5
34. cxd5 Rxd5 35. Qxa6 Rd1 36. Qe2 Rxe1+ 37. Qxe1 f5 38. g3 Qd2 39. Qxd2 Nxd2
40. Bg2 Kf6 41. Bc6 Ke5 0-1

[Event "46th Guernsey Open"]
[Site "?"]
[Date "2022.10.21"]
[Round "6"]
[White "Norman, Dinah M"]
[Black "Fryer, David W"]
[Result "0-1"]
[WhiteElo "1692"]
[BlackElo "1876"]
[PlyCount "88"]
[EventDate "2022.??.??"]

1. d4 Nf6 2. Nf3 e6 3. Bg5 Be7 4. e3 d5 5. Nbd2 Nbd7 6. Be2 c5 7. c3 b6 8. h3
Bb7 9. a4 a5 10. Bf4 Ba6 11. Bxa6 Rxa6 12. Qe2 Ra8 13. Ne5 Nxe5 14. Bxe5 Qd7
15. Nf3 c4 16. Bh2 Bd6 17. Bxd6 Qxd6 18. Nd2 O-O 19. O-O Rfc8 20. f4 b5 21.
axb5 Qd7 22. e4 Nxe4 23. Nxe4 dxe4 24. Qxe4 Qxb5 25. Rab1 a4 26. f5 Qd5 27. Qc2
f6 28. fxe6 Qxe6 29. Rfe1 Qf7 30. Ra1 Re8 31. Kf2 Qd7 32. Rxe8+ Qxe8 33. Re1
Qc6 34. Qf5 a3 35. bxa3 Rxa3 36. Rc1 g6 37. Qf3 Ra2+ 38. Kg1 Qxf3 39. gxf3 Rd2
40. f4 Kf7 41. Rb1 Ke6 42. Rb7 Rd3 43. Rxh7 Rxc3 44. Kg2 Rd3 0-1

[Event "46th Guernsey Open"]
[Site "?"]
[Date "2022.10.21"]
[Round "6"]
[White "Sedgwick, David R"]
[Black "Pang, Ethan"]
[Result "1-0"]
[WhiteElo "1874"]
[BlackElo "1467"]
[PlyCount "61"]
[EventDate "2022.??.??"]

1. e4 c5 2. c3 d5 3. exd5 Qxd5 4. d4 Nf6 5. Nf3 Bg4 6. Be2 e6 7. O-O Nc6 8. Be3
cxd4 9. Nxd4 Nxd4 10. Bxd4 Bxe2 11. Qxe2 Be7 12. Rd1 Qc6 13. Nd2 O-O 14. Nf3
Nd7 15. b4 a6 16. a4 b5 17. axb5 axb5 18. h3 f6 19. Qb2 e5 20. Be3 f5 21. Rxa8
Rxa8 22. Qb3+ Kf8 23. Rxd7 Qxd7 24. Nxe5 Ra1+ 25. Kh2 Qe8 26. Qe6 Rd1 27. Bd4
Qh5 28. Qc8+ Qe8 29. Qxf5+ Kg8 30. Qe6+ Kh8 31. Nf7+ 1-0

[Event "46th Guernsey Open"]
[Site "?"]
[Date "2022.10.21"]
[Round "6"]
[White "Van Hoek, Wim"]
[Black "Hafthorsson, Jon Ulfur"]
[Result "0-1"]
[WhiteElo "1843"]
[BlackElo "1327"]
[PlyCount "54"]
[EventDate "2022.??.??"]

1. e4 e5 2. Nf3 Nc6 3. Nc3 Nf6 4. h3 d5 5. Bb5 Nxe4 6. Qe2 Bf5 7. d3 Nxc3 8.
Qxe5+ Qe7 9. bxc3 O-O-O 10. Bxc6 bxc6 11. Be3 Be6 12. Nd4 Rd6 13. O-O Bd7 14.
Nf3 Rg6 15. Qxe7 Bxe7 16. Ne5 Rf6 17. Bxa7 c5 18. Rab1 Kd8 19. Rb8+ Bc8 20. d4
Bd6 21. Re1 Bxe5 22. Rxe5 cxd4 23. Rxd5+ Rd6 24. Rxd6+ cxd6 25. Bb6+ Kd7 26.
Bxd4 Re8 27. Kf1 Ba6+ 0-1

[Event "46th Guernsey Open"]
[Site "?"]
[Date "2022.10.21"]
[Round "6"]
[White "Agustsson, Hafsteinn"]
[Black "Pink, Joshua"]
[Result "1-0"]
[WhiteElo "1776"]
[BlackElo "1938"]
[PlyCount "123"]
[EventDate "2022.??.??"]

1. Nf3 c5 2. g3 Nc6 3. Bg2 e5 4. e4 Nf6 5. d3 d6 6. O-O Be7 7. c3 Bg4 8. Nbd2
Qd7 9. Re1 Bh3 10. Bh1 h5 11. Ng5 h4 12. Ndf3 hxg3 13. fxg3 Bg4 14. Qb3 Be6 15.
Nxe6 fxe6 16. Ng5 d5 17. a4 O-O-O 18. Nf7 c4 19. Qb5 Bc5+ 20. Qxc5 Qxf7 21. Bg5
Qh5 22. h4 Qg4 23. Qf2 dxe4 24. dxe4 Rd3 25. Re3 Nh5 26. Kh2 Rxe3 27. Qxe3 Rf8
28. Bg2 Kc7 29. Bh3 Qf3 30. Qxf3 Rxf3 31. Bg4 Rf2+ 32. Kg1 Rxb2 33. Bxh5 Rc2
34. Rc1 Ra2 35. Bd1 Na5 36. Rb1 Ra3 37. Kf2 b6 38. Bd2 Nb3 39. Bxb3 cxb3 40.
Ke3 Kc6 41. Bc1 Rxa4 42. Rxb3 Ra2 43. Rb2 Ra1 44. Rc2 Kc5 45. Kd3 b5 46. Be3+
Kc6 47. Rh2 Ra3 48. Bc1 Ra1 49. Kc2 Ra2+ 50. Bb2 Ra4 51. Kd3 Kd7 52. h5 Ke7 53.
h6 gxh6 54. Rxh6 a5 55. Rh7+ Kf6 56. Rh6+ Kf7 57. Rh7+ Kf6 58. Rb7 Ra2 59. Rxb5
a4 60. Kc2 a3 61. Kb1 Rxb2+ 62. Rxb2 1-0

[Event "46th Guernsey Open"]
[Site "?"]
[Date "2022.10.21"]
[Round "6"]
[White "Remie, Peter"]
[Black "Giulian, Rosemary A"]
[Result "0-1"]
[WhiteElo "1749"]
[BlackElo "1868"]
[PlyCount "90"]
[EventDate "2022.??.??"]

1. Nf3 e6 2. g3 Nf6 3. Bg2 d5 4. d4 Bd6 5. Bg5 Nbd7 6. e3 c6 7. c3 h6 8. Bxf6
Nxf6 9. Nbd2 O-O 10. O-O a5 11. Re1 Ne4 12. Nxe4 dxe4 13. Nd2 f5 14. f3 exf3
15. Nxf3 Rb8 16. c4 Bc7 17. c5 Qf6 18. Qc2 Bd7 19. Qf2 g5 20. e4 f4 21. e5 fxg3
22. Qxg3 Qf4 23. Rf1 Qxg3 24. hxg3 b6 25. cxb6 Bxb6 26. Rad1 Ba7 27. Rd2 Kg7
28. b3 Rb4 29. Rfd1 Rd8 30. Bf1 Kf8 31. Kg2 Ke7 32. Bc4 Be8 33. Rh1 g4 34. Rxh6
gxf3+ 35. Kxf3 Bf7 36. Ke4 Rg8 37. Kf4 Rbb8 38. g4 Rbd8 39. g5 Rxd4+ 40. Rxd4
Bxd4 41. Rf6 Rg6 42. Bd3 Bxe5+ 43. Kxe5 Rxg5+ 44. Bf5 Rxf5+ 45. Rxf5 exf5 0-1

[Event "46th Guernsey Open"]
[Site "?"]
[Date "2022.10.21"]
[Round "6"]
[White "Dennis, Nigel W"]
[Black "Murray, J Stephen"]
[Result "0-1"]
[WhiteElo "1852"]
[BlackElo "1671"]
[PlyCount "70"]
[EventDate "2022.??.??"]

1. e4 c5 2. Nf3 d6 3. d4 cxd4 4. Nxd4 Nf6 5. Nc3 a6 6. Be2 e5 7. Nb3 Be7 8. O-O
O-O 9. a4 Nc6 10. Be3 Be6 11. f4 exf4 12. Bxf4 Ne5 13. Qd4 Qc7 14. Rfd1 Rfd8
15. Nd5 Bxd5 16. exd5 Qxc2 17. Bxe5 dxe5 18. Qxe5 Bd6 19. Qe3 Re8 20. Rd2 Rxe3
21. Rxc2 Rxb3 22. Rac1 g6 23. Bc4 Re3 24. Bf1 Rae8 25. g3 Re1 26. Rxe1 Rxe1 27.
Rc8+ Kg7 28. Rd8 Ne4 29. Rd7 b6 30. Kg2 Bc5 31. Bxa6 Rb1 32. Kf3 Nd6 33. Rc7
Rxb2 34. a5 h5 35. axb6 Rf2# 0-1

[Event "46th Guernsey Open"]
[Site "?"]
[Date "2022.10.21"]
[Round "6"]
[White "Poldermans, Daan"]
[Black "Rogers, Bernard"]
[Result "1/2-1/2"]
[WhiteElo "1626"]
[BlackElo "1842"]
[PlyCount "53"]
[EventDate "2022.??.??"]

1. e4 e5 2. Nf3 Nc6 3. Nc3 Nf6 4. d4 exd4 5. Nxd4 Bb4 6. Nxc6 Bxc3+ 7. bxc3
bxc6 8. Bd3 d6 9. O-O h6 10. Rb1 O-O 11. h3 Ba6 12. c4 Qe7 13. Re1 Rfd8 14. Qf3
Nd7 15. Qg3 Kh8 16. f4 f6 17. Bb2 Qf7 18. e5 dxe5 19. fxe5 f5 20. Rf1 g6 21.
Qh4 Qg7 22. g4 Rg8 23. g5 Kh7 24. Rbe1 Raf8 25. Kh2 h5 26. Be2 Qf7 27. Qf4
1/2-1/2

[Event "46th Guernsey Open"]
[Site "?"]
[Date "2022.10.21"]
[Round "6"]
[White "Boudkeev, Timour"]
[Black "Goman, Colin"]
[Result "1-0"]
[WhiteElo "1839"]
[BlackElo "1619"]
[PlyCount "43"]
[EventDate "2022.??.??"]

1. d4 Nf6 2. c4 g6 3. Nc3 Bg7 4. e4 d6 5. Nf3 O-O 6. Be2 c5 7. d5 Bg4 8. h3
Bxf3 9. Bxf3 Nbd7 10. O-O Ne8 11. Qc2 e6 12. Bd2 e5 13. Be2 a6 14. f4 f5 15.
Bd3 fxe4 16. Nxe4 exf4 17. Bxf4 Bd4+ 18. Kh1 Be5 19. Bh6 Rxf1+ 20. Rxf1 Qh4 21.
Bg5 Qh5 22. Be2 1-0

[Event "46th Guernsey Open"]
[Site "?"]
[Date "2022.10.21"]
[Round "6"]
[White "Kershaw, Graham J"]
[Black "Parker, Keith"]
[Result "0-1"]
[WhiteElo "1609"]
[BlackElo "1834"]
[PlyCount "86"]
[EventDate "2022.??.??"]

1. e4 Nf6 2. e5 Nd5 3. d4 d6 4. Nf3 Bg4 5. Be2 Nc6 6. O-O e6 7. c4 Nb6 8. exd6
cxd6 9. b3 d5 10. c5 Bxf3 11. Bxf3 Nc8 12. Nc3 Be7 13. a3 Bf6 14. Ne2 a5 15.
Rb1 O-O 16. b4 axb4 17. axb4 b5 18. Qd3 N8e7 19. Qxb5 Bxd4 20. Rd1 Be5 21. Qd3
Qc7 22. g3 Rfb8 23. b5 Na5 24. c6 Nc4 25. Nd4 Bxd4 26. Qxd4 Nxc6 27. Qc3 Qa5
28. Qc2 Rxb5 29. Rxb5 Qxb5 30. Bf4 Qb2 31. Qxb2 Nxb2 32. Rc1 Nc4 33. Be2 N6a5
34. Ra1 Rc8 35. Bg4 Kf8 36. Rb1 Ke7 37. Rb5 f5 38. Be2 Kf6 39. Bb8 Nc6 40. Bf4
Nd4 41. Bxc4 Rxc4 42. Rb2 Rc2 43. Rb6 Ne2+ 0-1

[Event "46th Guernsey Open"]
[Site "?"]
[Date "2022.10.21"]
[Round "6"]
[White "Gravett, Alan D"]
[Black "Rowe, Oliver"]
[Result "1/2-1/2"]
[WhiteElo "1829"]
[BlackElo "1515"]
[PlyCount "37"]
[EventDate "2022.??.??"]

1. g3 Nf6 2. Bg2 d5 3. Nf3 Bf5 4. O-O e6 5. c4 c6 6. b3 Be7 7. Bb2 Nbd7 8. d4
O-O 9. Nc3 h6 10. Re1 Ne4 11. Rc1 Bb4 12. a3 Nxc3 13. Bxc3 Bxc3 14. Rxc3 a5 15.
Nd2 Nf6 16. e4 dxe4 17. Nxe4 Nxe4 18. Bxe4 Bxe4 19. Rxe4 1/2-1/2

[Event "46th Guernsey Open"]
[Site "?"]
[Date "2022.10.21"]
[Round "6"]
[White "Berkley, Stephen W"]
[Black "Stanners, Michael J"]
[Result "1/2-1/2"]
[WhiteElo "1617"]
[BlackElo "1751"]
[PlyCount "27"]
[EventDate "2022.??.??"]

1. d4 Nf6 2. c4 c5 3. d5 e5 4. Nc3 d6 5. e4 g6 6. Nge2 Bg7 7. Ng3 a6 8. a4 Nbd7
9. Be2 h5 10. Bg5 h4 11. Nf1 Qa5 12. Bd2 Qd8 13. Bg5 Qa5 14. Bd2 1/2-1/2

[Event "46th Guernsey Open"]
[Site "?"]
[Date "2022.10.21"]
[Round "6"]
[White "Nevska, Gerda"]
[Black "Collins, Alan"]
[Result "1-0"]
[WhiteElo "1841"]
[BlackElo "1606"]
[PlyCount "59"]
[EventDate "2022.??.??"]

1. c4 d6 2. Nc3 Nf6 3. e4 g6 4. g3 Bg7 5. Bg2 c6 6. Nge2 e5 7. O-O Be6 8. d3
Qc7 9. b4 O-O 10. Rb1 b6 11. f4 Bg4 12. h3 Bxe2 13. Qxe2 Nh5 14. Qe1 exf4 15.
Bxf4 Nxf4 16. Rxf4 Nd7 17. b5 Bxc3 18. Qxc3 Rad8 19. bxc6 Ne5 20. Rbf1 Nxc6 21.
Kh2 Rd7 22. Qc1 Nd8 23. Rh4 Re7 24. Rf6 Kg7 25. Qh6+ Kxf6 26. Qxf8 Nc6 27. Rf4+
Ke6 28. h4 Qd8 29. Bh3+ Ke5 30. Qg7+ 1-0

[Event "46th Guernsey Open"]
[Site "?"]
[Date "2022.10.21"]
[Round "6"]
[White "Dubois, Claude"]
[Black "Gunn, Michael J"]
[Result "0-1"]
[WhiteElo "1807"]
[BlackElo "1596"]
[PlyCount "74"]
[EventDate "2022.??.??"]

1. e4 d5 2. exd5 Nf6 3. d4 Bg4 4. f3 Bf5 5. Bd3 Bxd3 6. Qxd3 Qxd5 7. Nc3 Qa5 8.
Nge2 c6 9. O-O e6 10. Bd2 Qd8 11. Bf4 Be7 12. Ne4 Nxe4 13. fxe4 Na6 14. a3 Qd7
15. Qg3 O-O-O 16. b4 Rhg8 17. b5 Nc7 18. a4 g5 19. Bxc7 Qxc7 20. Qxc7+ Kxc7 21.
Rxf7 Rd7 22. Rxh7 Bb4 23. Rxd7+ Kxd7 24. Rf1 Rg7 25. c3 Ba5 26. Rb1 Bb6 27. Kh1
Rf7 28. Ng3 Rf2 29. Rf1 Ra2 30. Rf7+ Kd6 31. e5+ Kd5 32. Kg1 Rxa4 33. Kf1 cxb5
34. Rxb7 b4 35. Ke2 b3 36. Rd7+ Kc4 37. d5 Ra1 0-1

[Event "46th Guernsey Open"]
[Site "?"]
[Date "2022.10.21"]
[Round "6"]
[White "Frijling, Jeroen"]
[Black "Royle, Nick"]
[Result "1/2-1/2"]
[WhiteElo "1669"]
[BlackElo "1482"]
[PlyCount "99"]
[EventDate "2022.??.??"]

1. d4 f5 2. g3 Nf6 3. Bg2 g6 4. Nf3 Bg7 5. O-O O-O 6. c4 d6 7. Nc3 Nbd7 8. Qc2
e5 9. dxe5 Nxe5 10. b3 Re8 11. Bb2 Rb8 12. Rfd1 Qe7 13. e3 b5 14. Nd4 Bb7 15.
Bxb7 Rxb7 16. Kg2 Rbb8 17. a4 Qd7 18. Qe2 Nc6 19. Nxc6 Qxc6+ 20. Kg1 g5 21. Nd5
Nxd5 22. Rxd5 Bxb2 23. Qxb2 Qd7 24. Qf6 Qg7 25. Qxg7+ Kxg7 26. Rxf5 Kg6 27. Rd5
Rf8 28. f4 gxf4 29. exf4 Rbe8 30. Rad1 Re2 31. R5d2 Rfe8 32. Rxe2 Rxe2 33. Rd3
Kf5 34. h3 h5 35. Rc3 Re1+ 36. Kf2 Rh1 37. Kg2 Re1 38. b4 Ra1 39. c5 Rxa4 40.
cxd6 cxd6 41. Kf3 Rxb4 42. g4+ hxg4+ 43. hxg4+ Kf6 44. Rc6 Rb3+ 45. Ke4 Rb4+
46. Ke3 Rb3+ 47. Kd4 Rb4+ 48. Ke3 Rb3+ 49. Kd4 Rb4+ 50. Ke3 1/2-1/2

[Event "46th Guernsey Open"]
[Site "?"]
[Date "2022.10.21"]
[Round "6"]
[White "Kirk, Matthew"]
[Black "Ashbrooke, Monika"]
[Result "1-0"]
[WhiteElo "1738"]
[BlackElo "1321"]
[PlyCount "51"]
[EventDate "2022.??.??"]

1. d4 e6 2. c4 d5 3. Nc3 Nf6 4. cxd5 exd5 5. Bg5 Be7 6. e3 Bf5 7. Qb3 Bc8 8.
Bxf6 Bxf6 9. Qxd5 O-O 10. Nf3 Qe7 11. Bd3 Nc6 12. Qe4 g6 13. O-O Qb4 14. Nd5
Qd6 15. Nxf6+ Qxf6 16. Qh4 Qxh4 17. Nxh4 Nb4 18. Bc4 Be6 19. Bxe6 fxe6 20. Nf3
Rad8 21. Rfc1 c6 22. a3 Nd5 23. Ne5 Rc8 24. Rc2 Kg7 25. Rac1 Kf6 26. Nd7+ 1-0

[Event "46th Guernsey Open"]
[Site "?"]
[Date "2022.10.21"]
[Round "6"]
[White "Harnden, Terry"]
[Black "Bennett, David"]
[Result "1-0"]
[WhiteElo "1488"]
[BlackElo "1408"]
[PlyCount "81"]
[EventDate "2022.??.??"]

1. e4 e5 2. Nf3 Nc6 3. Bb5 Nd4 4. Ba4 Nf6 5. c3 Nc6 6. d3 h6 7. O-O Be7 8. Bxc6
dxc6 9. Nxe5 O-O 10. Re1 Bd6 11. Bf4 Bxe5 12. Bxe5 Ng4 13. Bg3 Re8 14. d4 Qd7
15. h3 Nf6 16. Nd2 b6 17. Be5 Nh7 18. Nf3 Qe7 19. Bg3 Bb7 20. c4 c5 21. d5 Qd7
22. e5 Rad8 23. b3 c6 24. d6 Qe6 25. Rc1 Bc8 26. Qd2 Nf8 27. Re3 Ng6 28. Rce1
Qf5 29. Re4 b5 30. a3 bxc4 31. bxc4 Nf8 32. Qa5 Qd7 33. Qxc5 Ne6 34. Qe3 c5 35.
Rg4 Kf8 36. Qd3 Bb7 37. Qh7 f6 38. exf6 Bxf3 39. fxg7+ Nxg7 40. Rf4+ Nf5 41.
Rxf5+ 1-0

[Event "46th Guernsey Open"]
[Site "?"]
[Date "2022.10.22"]
[Round "7"]
[White "Hunt, Harriet V"]
[Black "Chatalbashev, Boris"]
[Result "0-1"]
[WhiteElo "2395"]
[BlackElo "2488"]
[PlyCount "84"]
[EventDate "2022.??.??"]

1. e4 c5 2. Nf3 Nc6 3. Bb5 g6 4. Bxc6 bxc6 5. O-O Bg7 6. Re1 Nh6 7. h3 O-O 8.
c3 f5 9. e5 Nf7 10. d4 cxd4 11. cxd4 Bb7 12. Nc3 c5 13. d5 e6 14. Bf4 h6 15.
Qd3 g5 16. Bh2 Qb6 17. Rad1 Rfe8 18. Nd2 exd5 19. Nxd5 Qc6 20. Nc4 f4 21. Qf5
Rab8 22. g3 Qe6 23. Qxe6 dxe6 24. Nc7 Re7 25. Nb5 Bf3 26. Rd3 Bd5 27. Nba3 fxg3
28. Bxg3 Nd8 29. b3 Nc6 30. f4 Nd4 31. Nd2 gxf4 32. Bxf4 Rf7 33. Bg3 Rf5 34.
Rc3 Rbf8 35. Nc2 Rg5 36. Nxd4 cxd4 37. Rd3 h5 38. Ne4 Rg6 39. Kh2 h4 40. Bxh4
Rf4 41. Bg3 Bxe4 42. Rxd4 Rf2+ 0-1

[Event "46th Guernsey Open"]
[Site "?"]
[Date "2022.10.22"]
[Round "7"]
[White "Hebden, Mark L"]
[Black "Villiers, Thomas"]
[Result "1/2-1/2"]
[WhiteElo "2434"]
[BlackElo "2141"]
[PlyCount "68"]
[EventDate "2022.??.??"]

1. d4 Nf6 2. Nf3 c5 3. d5 e6 4. Nc3 b5 5. dxe6 fxe6 6. e4 Qa5 7. Bd2 b4 8. e5
Ng4 9. h3 Nh6 10. Ne4 Bb7 11. Neg5 Nc6 12. Bd3 Qc7 13. Qe2 Nf5 14. Bxf5 exf5
15. e6 O-O-O 16. O-O-O Re8 17. exd7+ Qxd7 18. Be3 Qc7 19. Qc4 h6 20. Qf7 Rxe3
21. fxe3 hxg5 22. Qe8+ Nd8 23. Nxg5 Be7 24. Qxh8 Bxg5 25. Qe8 Bxg2 26. Rhe1 Be4
27. Kb1 Bf6 28. Rd2 c4 29. Red1 c3 30. Rxd8+ Bxd8 31. Qe6+ Kb8 32. Qe8 Kc8 33.
Qe6+ Kb8 34. Qe8 Kc8 1/2-1/2